Central Library OPAC University of Rajshahi

Final phase of struggle for Pakistan / (Record no. 27727)

MARC details
000 -LEADER
fixed length control field 00763cam a22002651 4500
001 - CONTROL NUMBER
control field 27727
003 - CONTROL NUMBER IDENTIFIER
rucl marc code BD-RjUL
005 - DATE AND TIME OF LATEST TRANSACTION
control field 20211209051208.0
008 - FIXED-LENGTH DATA ELEMENTS--GENERAL INFORMATION
fixed length control field 140327s1964 pk c b 000 0 eng
035 ## - SYSTEM CONTROL NUMBER
System control number (BD-RjUL)27806
System control number (OCoLC)14770922
040 ## - CATALOGING SOURCE
Original cataloging agency DLC
Transcribing agency WaU
Modifying agency DLC
-- BD-RjUL
Language of cataloging eng
041 ## - LANGUAGE CODE
Language code of text/sound track or separate title eng
082 ## - DEWEY DECIMAL CLASSIFICATION NUMBER
Classification number 954.7
Author mark and year AHF 1964
100 1# - MAIN ENTRY--PERSONAL NAME
Personal name Ahmad, Jamil-ud-Din.
9 (RLIN) 85119
245 10 - TITLE STATEMENT
Title Final phase of struggle for Pakistan /
Statement of responsibility, etc. by Jamil-ud-Din Ahmad.
250 ## - EDITION STATEMENT
Edition statement [1st ed.]
260 ## - PUBLICATION, DISTRIBUTION, ETC. (IMPRINT)
Place of publication, distribution, etc. Karachi :
Name of publisher, distributor, etc. International Press,
Date of publication, distribution, etc. 1964.
300 ## - PHYSICAL DESCRIPTION
Pagination vi, 135, [3] p. :
Illustrations group ports. ;
Size 19 cm.
504 ## - BIBLIOGRAPHY, ETC. NOTE
Bibliography, etc Includes bibliography (p. [138]) .
651 #0 - SUBJECT ADDED ENTRY--GEOGRAPHIC NAME
Geographic name Pakistan.
9 (RLIN) 85120
942 ## - ADDED ENTRY ELEMENTS (KOHA)
Source of classification or shelving scheme Dewey Decimal Classification
Koha item type Books
Holdings
Lost status Source of classification or shelving scheme Damaged status Not for loan Collection code Permanent Location Current Location Shelving location Date acquired Source of acquisition Cost, normal purchase price Total Checkouts Full call number Date last seen Copy number Koha item type
  Dewey Decimal Classification     Non-fiction Central Library, University of Rajshahi Central Library, University of Rajshahi   10/02/1967 Heffer & Sons 5.00   954.7 AHF 1964 27/03/2014 C-6 Books
  Dewey Decimal Classification     Non-fiction Central Library, University of Rajshahi Central Library, University of Rajshahi   10/02/1967 Heffer & Sons 5.00   954.7 AHF 1964 27/03/2014 C-8 Books
  Dewey Decimal Classification     Non-fiction Central Library, University of Rajshahi Central Library, University of Rajshahi   10/02/1967 Heffer & Sons 5.00   954.7 AHF 1964 27/03/2014 C-9 Books
  Dewey Decimal Classification     Non-fiction Central Library, University of Rajshahi Central Library, University of Rajshahi   10/02/1967 Heffer & Sons 5.00   954.7 AHF 1964 27/03/2014 C-10 Books
  Dewey Decimal Classification     Non-fiction Central Library, University of Rajshahi Central Library, University of Rajshahi   10/02/1967 Heffer & Sons 5.00   954.7 AHF 1964 29/03/2014 C-7 Books
  Dewey Decimal Classification     Non-fiction Central Library, University of Rajshahi Central Library, University of Rajshahi   10/02/1967 Heffer & Sons 5.00   954.7 AHF 1964 29/03/2014 C-5 Books
  Dewey Decimal Classification     Non-fiction Central Library, University of Rajshahi Central Library, University of Rajshahi   10/02/1967 Heffer & Sons 5.00   954.7 AHF 1964 29/03/2014 C-4 Books
  Dewey Decimal Classification     Non-fiction Central Library, University of Rajshahi Central Library, University of Rajshahi   10/02/1967 Heffer & Sons 5.00   954.7 AHF 1964 29/03/2014 C-3 Books
  Dewey Decimal Classification     Non-fiction Central Library, University of Rajshahi Central Library, University of Rajshahi   10/02/1967 Heffer & Sons 5.00   954.7 AHF 1964 29/03/2014 C-2 Books
  Dewey Decimal Classification     Non-fiction Central Library, University of Rajshahi Central Library, University of Rajshahi   10/02/1967 Feroz sons ltd 5.00   954.7 AHF 1964 31/03/2014 C-1 Books